| 000 | 00376pab a2200169 454500 | ||
|---|---|---|---|
| 008 | 180718b2010 xxu||||| |||| 00| 0 eng d | ||
| 100 | _aIlaiah, Kancha | ||
| 245 | _aWho's afraid of caste census? | ||
| 260 | _c2010 | ||
| 300 | _ap.6,18. | ||
| 362 | _a3 Jul | ||
| 650 | _aPopulation censuses | ||
| 650 | _aCaste | ||
| 773 | _aMainstream | ||
| 908 | _aN | ||
| 909 | _a86857 | ||
| 999 |
_c86857 _d86857 |
||